Т. 8 : Восток СССР; Геологическое строение СССР и закономерности размещения полезных ископаемых

Dettagli Bibliografici
Parent link:Геологическое строение СССР и закономерности размещения полезных ископаемых: в 10 т./ Академия наук СССР (АН СССР) ; гл. ред. Е. А. Козловский. Т. 8 : Восток СССР.— , 1984-1989
Ente Autore: Всесоюзный научно-исследовательский геологический институт (ВСЕГЕИ)
Altri autori: Красный Л. И. Лев Исаакович (редактор), Путинцев В. К.
Lingua:russo
Pubblicazione: 1984
Soggetti:
Natura: MixedMaterials Libro
KOHA link:https://koha.lib.tpu.ru/cgi-bin/koha/opac-detail.pl?biblionumber=298062

MARC

LEADER 00000nam2a2200000 4500
001 298062
005 20231102001052.0
020 |a RU  |b 84-58131 
035 |a (RuTPU)RU\TPU\book\323204 
090 |a 298062 
100 |a 20150616g1984 k y0rusy5003 ca 
101 0 |a rus 
102 |a RU 
105 |a a z 001zy 
200 0 |a Т. 8 : Восток СССР  |f Всесоюзный научно-исследовательский геологический институт (ВСЕГЕИ) ; под ред. Л. И. Красного ; В. К. Путинцева 
210 |d 1984 
215 |a 560 с.  |c ил.  |e Приложения : карты в папке 
320 |a Библиогр.: с. 547-554 
461 1 |0 (RuTPU)RU\TPU\book\33517  |t Геологическое строение СССР и закономерности размещения полезных ископаемых  |o в 10 т.  |f Академия наук СССР (АН СССР) ; гл. ред. Е. А. Козловский  |v Т. 8 : Восток СССР  |d 1984-1989 
606 1 |a Полезные ископаемые  |x Размещение  |2 stltpush  |3 (RuTPU)RU\TPU\subj\66072  |9 82306 
610 1 |a геолого-геофизическое районирование 
610 1 |a территории 
610 1 |a обзор 
610 1 |a геологическое строение 
610 1 |a геологическое развитие 
610 1 |a характеристика 
610 1 |a нефть 
610 1 |a газ 
610 1 |a история 
610 1 |a распределение 
610 1 |a тектоническое развитие 
610 1 |a формирование 
610 1 |a минерагеническое районирование 
610 1 |a литосфера 
675 |a 553.061  |v 3 
702 1 |a Красный  |b Л. И.  |g Лев Исаакович  |4 340 
702 1 |a Путинцев  |b В. К.  |4 340 
712 0 2 |a Всесоюзный научно-исследовательский геологический институт (ВСЕГЕИ)  |c (Ленинград)  |c (1939-1991)  |2 stltpush  |3 (RuTPU)RU\TPU\col\11367 
801 0 |a RU  |b RuMRKP  |c 19950704  |g psbo 
801 1 |a RU  |b 63413507  |c 20150616 
801 2 |a RU  |b 63413507  |c 20170209  |g RCR 
942 |c BK